00509nam a2200169 a 450000100100000000500170001000800410002710000180006824500440008625000120013026000610014230000100020349000370021350000410025065000220029165000260031300003079920200120222204.0070925s1993 col0 gr0 000 d0 aDupuy, Carlos10aRecuento de imágenes /cCarlos Dupuy. a1a. ed. aSantafé de Bogotá :bInstituto Caro y Cuervo,c1993. a86 p. 3aLa granada entreabierta ; No. 64 aDonación : Instituto Caro y Cuervo14aCUENTO COLOMBIANO14aLITERATURA COLOMBIANA